| 000 | 00814nam a22002177a 4500 | ||
|---|---|---|---|
| 003 | OSt | ||
| 005 | 20260124084453.0 | ||
| 008 | 230607b ||||| |||| 00| 0 eng d | ||
| 040 | _cSSBUL | ||
| 041 | _ashan | ||
| 082 |
_223 _a895.91930 |
||
| 100 | 0 |
_aတၢင်းၵႄး၊ _cလုင်း။ _917305 |
|
| 245 | 1 | 0 |
_aၵူၼ်းၵွတ်းၶႂ်ႈတၢႆ သထေးၵွတ်းၶၢႆၵုသူလ် / _cလုင်းတၢင်းၵႄး၊ တႅမ်ႈႁၢင်ႈ - ၸၢႆးမူဝ်းဝိၼ်း။ |
| 300 |
_a54 ၼႃႈ၊ _c18 ၸိၼ်ႇတီႇ။ |
||
| 500 | _aS-SAT: Dr. Prof Sai Aung Tun | ||
| 650 |
_aၸိူင်းပွတ်းပႃးႁၢင်ႈ _925384 |
||
| 942 | _cBK | ||
| 942 | _2ddc | ||
| 942 | _2ddc | ||
| 942 | _2ddc | ||
| 999 |
_c25388 _d25388 |
||